000 02060nam0a2200361 4500
001 RU\NLR\BIBL_A\022569878
005 20250725160521.0
010 _a978-5-09-125344-3
_9500
021 _aRU
_bКН-П-25-023908
_9КН-П-25-2385
021 _aRU
_bКН-П-26-000648
_9КН-П-26-0059
035 _a(NLR Aleph) 022569878
090 _a13458498
_c13458498
100 _a20250619d2025 u y0rusy50 ca
101 0 _arus
102 _aRU
105 _aach|j|||000zy
181 0 _ai
_baxxe
182 0 _an
200 1 _aРисунок
_eпервый год обучения
_eучебное пособие для организаций дополнительного образования
_eдля учащихся детских художественных школ и школ искусств
_eсоответствует 5 классу общеобразовательной школы
_eв соответствии с Федеральными госукдарственными требованиями и требованиями к дополнительным предпрофессиональным программам
_fИ. В. Ловцова, И. И. Корнеев
203 _aТекст
_aИзображение
_bвизуальные
_cнепосредственные
210 _aМосква
_cПросвещение
_d2025
215 _a111 с.
_cил., цв. ил., портр., факс.
_d26
300 _aКн. содерж. QR-коды на доп. информ.
320 _aБиблиогр. в подстроч. примеч.
333 _a6+
606 1 _aРисунок
_jУчебные издания для специализированных учебных заведений
_xТехника
_91518987
_3RU\NLR\AUTH\66961977
686 1 _aЩ150.844я7
700 1 _aЛовцова
_bИ. В.
_gИрина Владимировна
701 1 _aКорнеев
_bИ. И.
_gИгорь Иванович
942 _cBOOK
980 _aNB